[Event "IECG CN.2002.0.00300 email"]
[Site "IECG email"]
[Date "2002.07.08"]
[Round "?"]
[White "Rovira, Joaquin"]
[Black "Do Nascimento, Matheus Diego"]
[Result "1/2-1/2"]
[WhiteElo "800"]
[BlackElo "800"]
[PlyCount "62"]
[EventDate "2002.07.08"]
[EventType "tourn (corr)"]
[EventRounds "5"]
[SourceTitle "Corr 2008"]
[Source "ChessBase"]
[SourceDate "2008.06.24"]
[SourceVersion "1"]
[SourceVersionDate "2008.06.24"]
[SourceQuality "1"]

1. d4 Nf6 2. c4 d5 3. Nf3 dxc4 4. e4 b5 5. e5 Nd5 6. Nc3 a6 7. Be2 Nc6 8. 0-0 Bg4 9. Be3 e6 10. h3 Nxc3 11. bxc3 Bf5 12. a4 Be7 13. d5 Qxd5 14. Qxd5 exd5 15. axb5 Nb8 16. Nd4 Bc8 17. f4 0-0 18. f5 Bc5 19. Rf3 Re8 20. e6 fxe6 21. Nxe6 Bd6 22. Bd4 Bxe6 23. fxe6 c5 24. bxc6 Rxe6 25. Re3 Rxe3 26. Bxe3 Nxc6 27. Bf3 Ne7 28. Bg5 Kf7 29. Bxe7 Kxe7 30. Bxd5 Ra7 31. Bxc4 a5 1/2-1/2